It looks like you're offline.
Open Library logo
additional options menu

MARC record from Internet Archive

LEADER: 02714cam a2200505Mi 4500
001 894833427
003 OCoLC
005 20151116081417.0
008 141009s2014 enk e b 001 0 eng d
019 $a897043239
020 $a9781845285494 (pbk.)
020 $a1845285492 (pbk.)
035 $a894833427
035 $a(OCoLC)894833427$z(OCoLC)897043239
037 $bTrafalgar Square, C/O Independent Pub Group 814 N Franklin st, Chicago, IL, USA, 60610, (312)3370747$nSAN 201-2936
040 $aAU@$beng$erda$cAU@$dOCLCO$dOCLCF$dSINLB$dSFR
049 $aSFRA
082 04 $a649.1$223
092 $a649.1$bC189t
100 1 $aCarey, Tanith,$eauthor.
245 10 $aTaming the tiger parent /$cTanith Carey.
264 1 $aLondon :$bRobinson,$c2014.
300 $avi, 218 pages ;$c20 cm
336 $atext$btxt$2rdacontent
337 $aunmediated$bn$2rdamedia
338 $avolume$bnc$2rdacarrier
500 $a"How to put your child's well being first in a competitive world"--Cover.
504 $aIncludes bibliographical references and index.
520 $aFrom the moment the umbilical cord is cut, today's parents feel trapped in a never-ending race to ensure their child is the brightest and the best. But while it's completely natural for us to want our kids to reach their potential, at what point does too much competition become damaging? With constant testing in schools also raising the stakes, how can we tell when hot-housing children is actually doing more harm than good? Tanith Carey presents the latest research on what this contest is doing to the next generation. She explains why, far from making our children more go-getting and successful, it can backfire with life-long repercussions, damage their emotional well-being and fracture their relationships with the very people who love them most: their parents.
650 0 $aChild rearing.
650 0 $aParent and child.
650 0 $aParenting.
650 0 $aChild psychology.
650 0 $aWell-being.
907 $a.b30256380$b12-20-18$c08-26-15
998 $axbt$b12-02-15$cm$da $e-$feng$genk$h0$i0
957 00 $aOCLC reclamation of 2017-18
907 $a.b30256380$b01-13-16$c08-26-15
956 $aPre-reclamation 001 value: ocn894833427
980 $a1115 sh emd
998 $axbt$aw2$b12-02-15$cm$da$e-$feng$genk$h0$i0
994 $aC0$bSFR
999 $yMARS
945 $a649.1$bC189t$d - - $e03-04-2017 13:53$f0$g0$h04-14-17$i31223114285738$j503$0501$k - - $lxbtci$o-$p$48.42$q-$r-$s- $t1$u1$v1$w0$x0$y.i84319963$z12-17-15
945 $a649.1$bC189t$d - - $e01-16-2016 12:24$f0$g0$h02-13-16$i31223114285720$j351$0800$k - - $lxbtci$o-$p$48.42$q-$r-$s- $t1$u1$v1$w0$x0$y.i84319975$z12-17-15